000 00412nam a22001457a 4500
020 _qPB.
040 _cFIZZA ISHAQ
082 _a512.0076
_bBLI
100 _aBLITZER,ROBERT.
_9131686
245 _aCollege Algebra (Math 113) Custom Edition for the University of Maryland /
_cROBERT BLITZER.
250 _a5TH ED.
260 _aNEW YORK:
_bPEARSON,
_c2010.
300 _a702 P. ;
_c10.9X8.5IN
942 _2ddc
_cBK
999 _c617035
_d617035